000 00493nam a22001697a 4500
005 20251108172302.0
008 250721s1981 xx 000 0 ara d
082 1 4 _aط/790.023/صوف
245 1 0 _aالصوف الخيوط /
264 1 _aبيروت :
_bمكدونالد الشرق الأوسط،
_c1981.
300 _a24ص؛مص
490 0 _aالعالم بين يديك : هوايات ؛5
650 1 7 _aالصوف
650 1 7 _aالهوايات
942 _2ddc
_cBK
999 _c75148
_d75148